| 000 | 00595nam a22001937a 4500 | ||
|---|---|---|---|
| 005 | 20251108163351.0 | ||
| 008 | 250721s1989 xx 000 0 ara d | ||
| 082 | 1 | 4 | _a181.45/كنت |
| 100 | 1 | _aهوارد، كنت | |
| 245 | 1 | 0 | _aاليوغا للمعوقين / |
| 264 | 1 |
_aبغداد : _bوزارة الثقافة والإعلام، _c1989 1989. |
|
| 300 | _a133ص | ||
| 490 | 0 | _aسلسلة كتاب الباراسيكولوجي | |
| 650 | 1 | 7 | _aاليوغا |
| 650 | 1 | 7 | _aرعاية المعوقين |
| 700 | 1 |
_aرضا وتوت، زهره _eترجمة |
|
| 942 |
_2ddc _cBK |
||
| 999 |
_c898 _d898 |
||